History Quiz

Random History or College Quiz

Presidential Education Quiz Stats

 Plays Quiz Updated Oct 11, 2018

Also try: Educating Actors
Challenge
Share
Tweet
Embed
Score 0/54 Timer 06:00
8 Plays Today
President College/University % Correct
John AdamsHarvard University
99.4%
John Quincy AdamsHarvard University
99.4%
Rutherford HayesHarvard University
99.4%
Theodore RooseveltHarvard University
99.4%
John F. KennedyHarvard University
99.4%
George W. BushHarvard University
99.4%
Franklin D. RooseveltHarvard University
99.4%
Barack ObamaHarvard University
99.4%
Gerald FordYale University
98.2%
Bill ClintonYale University
98.2%
William TaftYale University
98.2%
George W. BushYale University
98.2%
George H.W. BushYale University
98.2%
James MadisonPrinceton University
85.4%
Woodrow WilsonPrinceton University
85.4%
Donald TrumpUniversity of Pennsylvania
79.9%
Franklin D. RooseveltColumbia University
70.6%
Theodore RooseveltColumbia University
70.6%
Barack ObamaColumbia University
70.6%
William Henry HarrisonUniversity of Pennsylvania
62.1%
Herbert HooverStanford University
61%
Gerald FordUniversity of Michigan
52.2%
Thomas JeffersonThe College of William and Mary
48.6%
James MonroeThe College of William and Mary
48.6%
John TylerThe College of William & Mary
48.6%
Dwight EisenhowerUnited States Military Academy
47.9%
Ulysses S. GrantUnited States Military Academy
47.9%
President College/University % Correct
Bill ClintonGeorgetown University
42.9%
Jimmy CarterUnited States Naval Academy
41.7%
Bill ClintonUniversity of Oxford
39.6%
Richard NixonDuke University
37.1%
James PolkUniversity of North Carolina at Chapel Hill
28.2%
Barack ObamaOccidental College
18.9%
Benjamin HarrisonMiami University
15.8%
Calvin CoolidgeAmherst College
13%
Woodrow WilsonJohns Hopkins University
12.5%
James GarfieldWilliams College
12.5%
Ronald ReaganEureka College
11.3%
Richard NixonWhittier College
9.9%
Franklin PierceBowdoin College
7.6%
Lyndon JohnsonTexas State University-San Marcos
7.2%
Chester A. ArthurUnion College
5.4%
Jimmy CarterUnion College
5.4%
William TaftUniversity of Cincinnati
5.4%
Rutherford HayesKenyon College
4.7%
James BuchananDickinson College
3.7%
William McKinleyAlbany Law School
3.5%
William McKinleyAllegheny College
2.6%
James GarfieldHiram College
2.6%
John Quincy AdamsLeiden University
2.5%
Jimmy CarterGeorgia Southwestern State University
2.3%
William Henry HarrisonHampden-Sydney College
2.2%
Warren HardingOhio Central College
2.1%
Millard FillmoreNew Hope Academy
1.5%

You're not logged in!

Compare scores with friends on all Sporcle quizzes.
OR
Log In

You Might Also Like...

Show Comments

Extras

Top Quizzes Today


Score Distribution

Your Account Isn't Verified!

In order to create a playlist on Sporcle, you need to verify the email address you used during registration. Go to your Sporcle Settings to finish the process.

Report this User

Report this user for behavior that violates our Community Guidelines.

Details: